[Event "36th ECC Women 2021"]
[Site "Struga MKD"]
[Date "2021.09.20"]
[Round "3.3"]
[Board "3"]
[White "Mehmed, Elif"]
[Black "Osmak, Iulija"]
[Result "0-1"]
[WhiteTitle "WFM"]
[BlackTitle "IM"]
[WhiteElo "2260"]
[BlackElo "2428"]
[WhiteTeam "MSK Centar"]
[BlackTeam "GRECO – Kyiv Chess Federation"]
[WhiteFideId "2921103"]
[BlackFideId "14101602"]
[EventDate "2021.09.18"]
[EventType "team"]

1. e4 e6 2. d4 d5 3. Nd2 c5 4. exd5 Qxd5 5. Ngf3 cxd4 6. Bc4 Qd6 7. O-O Nf6 8.
Nb3 Nc6 9. Nbxd4 Nxd4 10. Nxd4 Be7 11. b3 O-O 12. Bb2 Qf4 13. Nf3 b6 14. Be5 Qf5
15. Bd3 Qh5 16. Qe2 Bb7 17. Nd4 Ng4 18. Bg3 Qd5 19. Nf3 Rad8 20. Rad1 Qc6 21.
Bb5 Qe4 22. Qxe4 Bxe4 23. Rxd8 Rxd8 24. Ne1 Bb7 25. Bd3 Bf6 26. Nf3 Bxf3 27.
gxf3 Ne5 28. Bxe5 Bxe5 29. Rd1 Kf8 30. Be2 Rc8 31. Bc4 Ke7 32. a4 Rc5 33. h3 Bd6
34. Kf1 g6 35. Kg2 Bf4 36. Rd4 Rg5+ 37. Kf1 Bh2 38. Bb5 Rg1+ 39. Ke2 Bd6 40. Rd1
Rg2 41. f4 Rh2 42. Rd3 a5 43. Bc6 Bxf4 44. Kf1 g5 45. Bg2 h5 46. f3 f5 47. c3 g4
48. fxg4 hxg4 49. hxg4 fxg4 50. b4 Rh5 51. Rd4 Rf5 52. Be4 Rf6 53. Kg2 Bd6 54.
bxa5 bxa5 55. Rc4 g3 56. Bf3 Rh6 57. Kf1 Rh2 58. Bg2 Rh8 59. Bf3 Rb8 60. Re4 Kf6
61. Bg4 Be5 62. Kg2 Rb3 63. Re3 Rb2+ 64. Re2 Rb6 65. Re4 Rd6 66. Re3 Bf4 67. Re2
Rc6 68. c4 e5 69. Rc2 Rc5 70. Kf3 Ke7 71. Bh3 Kd6 72. Bg2 Rc7 73. c5+ Kd5 74. c6
Kd4 75. Bf1 Rf7 76. Bc4 e4+ 77. Kg4 Rf8 78. Bf1 Bc7 79. Rd2+ Ke5 80. Bg2 Rg8+
81. Kh5 e3 82. Rd3 Kf4 83. Rd4+ Kf5 84. Rd5+ Be5 85. Bh3+ Kf4 86. Bg2 e2 87. Rd3
Rh8+ 88. Kg6 e1=Q 0-1

[Event "36th ECC Women 2021"]
[Site "Struga MKD"]
[Date "2021.09.20"]
[Round "3.4"]
[Board "1"]
[White "Peycheva, Gergana"]
[Black "Shuvalova, Polina"]
[Result "1-0"]
[WhiteTitle "FM"]
[BlackTitle "IM"]
[WhiteElo "2331"]
[BlackElo "2510"]
[WhiteTeam "Kumanovo"]
[BlackTeam "Alkaloid"]
[WhiteFideId "2916711"]
[BlackFideId "24171760"]
[EventDate "2021.09.18"]
[EventType "team"]

1. d4 d5 2. c4 e6 3. Nf3 Nf6 4. g3 Bb4+ 5. Bd2 Be7 6. Bg2 O-O 7. O-O Nbd7 8. Qc2
c6 9. Rd1 b6 10. Bf4 Bb7 11. Ne5 Nh5 12. Bc1 Nhf6 13. Bf4 Nxe5 14. dxe5 Nd7 15.
cxd5 exd5 16. e4 d4 17. Rxd4 Bc5 18. Rd1 Qe7 19. a3 Nxe5 20. b4 Bd6 21. Nc3 Rad8
22. Ne2 c5 23. b5 f5 24. Nc3 g5 25. Bxe5 Bxe5 26. Rxd8 Rxd8 27. exf5 Bxg2 28.
Kxg2 Qb7+ 29. Kg1 Qf3 30. Rd1 Rf8 31. Nd5 Bd4 32. Ne7+ Kg7 33. Re1 c4 34. Qd2
Bf6 35. Re3 Qb7 36. Nc6 a6 37. Nd4 Kh8 38. Ne6 Ra8 39. bxa6 Qc6 40. Rc3 b5 41.
Nxg5 Qxa6 42. Rc1 Qc6 43. h4 Rxa3 44. Nf7+ Kg7 45. Nd8 Bxd8 46. Qb2+ Bf6 47.
Qxa3 Qd7 48. Qf3 c3 49. Rd1 Qc7 50. Qe4 Qe5 51. Rd7+ Kh6 52. Qb4 Qxf5 53. Qf8+
Kh5 54. Qe8+ Kg4 55. Qe2+ Kh3 56. Rd3 Qc8 57. Qf1+ Kg4 58. Qd1+ Kh3 59. Qf1+ Kg4
60. Kh2 Kh5 61. Rd5+ Kg6 62. Qd3+ Kh6 63. Qe3+ Kg7 64. Rxb5 Qd7 65. Rc5 Qd6 66.
Rc4 Qd7 67. Qf4 Qd8 68. Rc7+ Kh8 69. Qc4 1-0

[Event "36th ECC Women 2021"]
[Site "Struga MKD"]
[Date "2021.09.21"]
[Round "4.4"]
[Board "2"]
[White "Cvitan, Ena"]
[Black "Dzagnidze, Nana"]
[Result "0-1"]
[WhiteTitle "FM"]
[BlackTitle "GM"]
[WhiteElo "2284"]
[BlackElo "2525"]
[WhiteTeam "Tajfun – SK Ljubljana"]
[BlackTeam "Monte-Carlo"]
[WhiteFideId "14534215"]
[BlackFideId "13601903"]
[EventDate "2021.09.18"]
[EventType "team"]

1. d4 Nf6 2. c4 e6 3. Nc3 Bb4 4. e3 O-O 5. Bd3 c5 6. Ne2 d5 7. a3 Bxc3+ 8. bxc3
dxc4 9. Bxc4 Qc7 10. Bd3 b6 11. O-O e5 12. e4 cxd4 13. cxd4 exd4 14. Bf4 Qd7 15.
a4 Ba6 16. a5 b5 17. Qb1 h6 18. Rd1 Nc6 19. Bxb5 Bxb5 20. Qxb5 Rfd8 21. Ng3 d3
22. a6 Rac8 23. h3 Qe6 24. Rxd3 Nd4 25. Qb1 Rd7 26. Kh2 h5 27. Ra4 Rcd8 28. Be3
Nf3+ 29. gxf3 Rxd3 30. Qc2 g6 31. h4 R3d6 32. Qc7 Qd7 33. Qxd7 Nxd7 34. Bxa7 Ra8
35. Be3 Rdxa6 36. Rxa6 Rxa6 37. Kg2 Ne5 38. Bd4 Nd3 39. Ne2 Ra2 40. Ng1 f5 41.
Be3 Ra4 42. exf5 gxf5 43. Bg5 f4 44. Kf1 Kf7 45. Nh3 Ke6 46. Ke2 Rd4 47. Bh6 Kf5
48. Bg5 Ne5 49. Bh6 Ra4 50. Bg5 Ra2+ 51. Kf1 Nxf3 52. Bxf4 Kg4 53. Kg2 Nxh4+ 54.
Kh2 Ra3 55. Bg3 Nf5 0-1

[Event "36th ECC Women 2021"]
[Site "Struga MKD"]
[Date "2021.09.22"]
[Round "5.1"]
[Board "2"]
[White "Heinemann, Josefine"]
[Black "Cvitan, Ena"]
[Result "1-0"]
[WhiteTitle "WGM"]
[BlackTitle "FM"]
[WhiteElo "2292"]
[BlackElo "2284"]
[WhiteTeam "SK Erste Bank Baden"]
[BlackTeam "Tajfun – SK Ljubljana"]
[WhiteFideId "12900460"]
[BlackFideId "14534215"]
[EventDate "2021.09.18"]
[EventType "team"]

1. e4 c6 2. Nf3 d5 3. d3 Qc7 4. exd5 cxd5 5. c4 Nf6 6. Nc3 e6 7. g3 a6 8. Bf4
Bd6 9. Bxd6 Qxd6 10. Bg2 O-O 11. O-O Nc6 12. a3 d4 13. Nb1 a5 14. Nbd2 e5 15.
Re1 Re8 16. Qc2 Bf5 17. Ng5 Rac8 18. Rab1 b6 19. Nge4 Nxe4 20. Nxe4 Bxe4 21.
Bxe4 g6 22. b4 axb4 23. axb4 Kg7 24. Qa4 Ne7 25. Qb5 Qc7 26. Ra1 Nf5 27. Bg2 Nd6
28. Qd5 Rcd8 29. Ra6 Re6 30. Rea1 Nc8 31. Qb5 f5 32. c5 Kf6 33. cxb6 Nxb6 34.
Ra7 Qc3 35. R1a6 Qe1+ 36. Bf1 Rd5 37. Qxb6 Rxb6 38. Rxb6+ Kg5 39. Rxh7 f4 40.
Kg2 e4 41. h4+ Kg4 42. Rxg6+ Kf5 43. Rhh6 1-0

[Event "36th ECC Women 2021"]
[Site "Struga MKD"]
[Date "2021.09.22"]
[Round "5.2"]
[Board "1"]
[White "Salimova, Nurgyul"]
[Black "Goryachkina, Aleksandra"]
[Result "1/2-1/2"]
[WhiteTitle "IM"]
[BlackTitle "GM"]
[WhiteElo "2362"]
[BlackElo "2608"]
[WhiteTeam "MSK Centar"]
[BlackTeam "Monte-Carlo"]
[WhiteFideId "2915138"]
[BlackFideId "4147103"]
[EventDate "2021.09.18"]
[EventType "team"]

1. d4 Nf6 2. Nf3 d5 3. g3 Bg4 4. Ne5 Bf5 5. c4 e6 6. Nc3 c6 7. Qb3 Qb6 8. c5 Qc7
9. Bf4 Qc8 10. Bg2 Nbd7 11. Nxd7 Qxd7 12. h3 h6 13. g4 Bh7 14. Bf3 Be7 15. h4
Be4 16. O-O-O Bxf3 17. exf3 b6 18. cxb6 axb6 19. Qxb6 Qc8 20. Qb3 Nd7 21. Qc2
Qa6 22. g5 hxg5 23. hxg5 Rxh1 24. Rxh1 g6 25. b3 Nb6 26. Rh8+ Kd7 27. Rxa8 Qxa8
28. a4 Bb4 29. Qd3 Nc8 30. Kb2 Bf8 31. Nd1 Qa7 32. Ne3 Bg7 33. Nc2 Ne7 34. Bd2
c5 35. Bc3 c4 36. bxc4 Qxa4 37. Ne3 Qa6 38. Kc2 Qa2+ 39. Bb2 Nc6 40. Kc1 Nb4 41.
Qc3 Qa4 42. Kb1 Qa2+ 1/2-1/2

[Event "36th ECC Women 2021"]
[Site "Struga MKD"]
[Date "2021.09.22"]
[Round "5.2"]
[Board "3"]
[White "Krasteva, Beloslava"]
[Black "Cramling, Pia"]
[Result "1/2-1/2"]
[WhiteTitle "FM"]
[BlackTitle "GM"]
[WhiteElo "2217"]
[BlackElo "2455"]
[WhiteTeam "MSK Centar"]
[BlackTeam "Monte-Carlo"]
[WhiteFideId "2922029"]
[BlackFideId "1700030"]
[EventDate "2021.09.18"]
[EventType "team"]

1. d4 Nf6 2. c4 e6 3. Nc3 Bb4 4. e3 b6 5. Bd2 Bb7 6. Nf3 c5 7. a3 Bxc3 8. Bxc3
Ne4 9. Rc1 O-O 10. Be2 d6 11. O-O Nd7 12. Be1 f5 13. Nd2 Nef6 14. f3 e5 15. dxe5
Nxe5 16. Nb1 Qe7 17. Nc3 Rad8 18. Bf2 d5 19. cxd5 Nxd5 20. Nxd5 Bxd5 21. Qc2 Qe6
22. Rfe1 a5 23. Bg3 Bb3 24. Qc3 Ng6 25. Kf1 Rfe8 26. Qxb3 Qxb3 27. Bc4+ Qxc4+
28. Rxc4 Ne5 29. Bxe5 Rxe5 30. Rc3 Kf7 31. Ke2 Red5 32. Kf2 Rd3 33. Rc2 Re8 34.
Ree2 Re5 35. Rc4 b5 36. Rcc2 a4 37. f4 Red5 38. e4 fxe4 39. Rxe4 Rd2+ 40. Re2
R2d4 41. g3 Kf6 42. Kf3 Rd3+ 43. Re3 Rd2 44. Re2 R5d3+ 45. Ke4 Rd4+ 46. Kf3
R2d3+ 47. Re3 c4 48. Rxd3 Rxd3+ 49. Ke4 h5 50. Rg2 g6 51. Re2 Ke6 52. Rf2 Rb3
53. Rd2 Kf6 54. Rg2 Rd3 55. Re2 g5 56. fxg5+ Kxg5 57. Rf2 Rb3 58. Kd4 h4 59.
gxh4+ Kxh4 60. Kc5 Kg4 61. Kc6 1/2-1/2

[Event "36th ECC Women 2021"]
[Site "Struga MKD"]
[Date "2021.09.22"]
[Round "5.3"]
[Board "2"]
[White "Gunina, Valentina"]
[Black "Toncheva, Nadya"]
[Result "1-0"]
[WhiteTitle "GM"]
[BlackTitle "FM"]
[WhiteElo "2446"]
[BlackElo "2178"]
[WhiteTeam "South Ural"]
[BlackTeam "Kumanovo"]
[WhiteFideId "4167570"]
[BlackFideId "2924056"]
[EventDate "2021.09.18"]
[EventType "team"]

1. e4 c5 2. Nc3 Nc6 3. Bb5 g6 4. Bxc6 bxc6 5. Nf3 Bg7 6. O-O e5 7. d3 Ne7 8. Bg5
O-O 9. Qd2 d6 10. Rae1 Bg4 11. Qe3 f6 12. Bh4 Rb8 13. b3 h5 14. h3 Be6 15. Nd2
Kh7 16. Qe2 Bh6 17. Bg3 Qa5 18. Ndb1 f5 19. f4 fxe4 20. Nxe4 Nf5 21. fxe5 Nxg3
22. Nxg3 d5 23. c4 h4 24. Nh1 Bf4 25. Rf3 Rf5 26. Nf2 Rxe5 27. Ne4 Rf8 28. Rxf4
Rxf4 29. Nf6+ Rxf6 30. Qxe5 Bf7 31. Qc3 Qxc3 32. Nxc3 Re6 33. Rxe6 Bxe6 34. Na4
Kg7 35. Nxc5 Bf5 36. Kf2 Kf6 37. Ke3 dxc4 38. bxc4 Ke5 39. a3 Bc8 40. d4+ Kf5
41. Nd3 g5 42. c5 Ba6 43. Ne5 Bb5 44. Nf7 Bf1 45. Kf3 Bd3 46. Ke3 Bf1 47. d5 Kf6
48. Nh6 Bxg2 49. Ng4+ Kf7 50. Ne5+ Ke8 51. d6 Bxh3 52. Nf3 Bf1 53. Nxg5 h3 54.
Nf3 Kd7 55. Kf2 Bg2 56. Ng5 Bh1 57. Nxh3 Be4 58. Ke3 Bf5 59. Nf4 Bh7 60. Kd4 Bf5
61. Ke5 Bg4 62. Kf6 Bf3 63. Ng6 Bd5 64. Nf8+ Ke8 65. Ne6 Kd7 66. Nc7 Bc4 67. Ke5
Bb3 68. Kd4 Bd1 69. Kc4 Bg4 70. Kb4 Kc8 71. Ka5 Kb7 72. Ne8 Bh3 73. Nf6 Bf1 74.
Ng4 Be2 75. Ne5 a6 76. Nf7 Kc8 77. Kb6 1-0

[Event "36th ECC Women 2021"]
[Site "Struga MKD"]
[Date "2021.09.22"]
[Round "5.4"]
[Board "1"]
[White "Shuvalova, Polina"]
[Black "Muzychuk, Anna"]
[Result "1/2-1/2"]
[WhiteTitle "IM"]
[BlackTitle "GM"]
[WhiteElo "2510"]
[BlackElo "2534"]
[WhiteTeam "Alkaloid"]
[BlackTeam "GRECO – Kyiv Chess Federation"]
[WhiteFideId "24171760"]
[BlackFideId "14111330"]
[EventDate "2021.09.18"]
[EventType "team"]

1. e4 c5 2. Nf3 Nc6 3. Bb5 e6 4. O-O Nge7 5. Re1 a6 6. Bxc6 Nxc6 7. d4 cxd4 8.
Nxd4 Qc7 9. Nxc6 Qxc6 10. Nc3 Be7 11. Qg4 Kf8 12. Qh5 b5 13. a3 Bb7 14. Bf4 Qc5
15. Qe2 h5 16. Rad1 Rd8 17. Rd3 h4 18. h3 Bc6 19. Nd5 Bxd5 20. exd5 Re8 21. Be5
Rh6 22. Bc3 Qc4 23. Qe5 Rg6 24. Re4 Qc8 25. Rf3 Rg5 26. Rxh4 Kg8 27. Qf4 f6 28.
Rg4 Rxg4 29. Qxg4 Rf8 30. Re3 e5 31. d6 Bd8 32. Qe4 Bb6 33. Qd5+ Rf7 34. Rd3 Qc4
35. Qb7 Qc5 36. Rd2 a5 37. Bxa5 Bxa5 38. Qa8+ Rf8 39. Qxa5 Rc8 40. c3 Qc4 41.
Qa7 Qc6 42. Qa5 Qe4 43. Rd1 Qc2 44. Rf1 Qxb2 45. Qa7 Rxc3 46. Qxd7 Rc1 47. Qe6+
Kh8 48. Qe8+ Kh7 49. Qh5+ Kg8 50. g3 Rxf1+ 51. Kxf1 Qc1+ 52. Kg2 Qc6+ 53. Kh2
Qxd6 54. Qe8+ Kh7 55. Qh5+ 1/2-1/2

[Event "36th ECC Women 2021"]
[Site "Struga MKD"]
[Date "2021.09.22"]
[Round "5.4"]
[Board "2"]
[White "Abdumalik, Zhansaya"]
[Black "Atalik, Ekaterina"]
[Result "1-0"]
[WhiteTitle "GM"]
[BlackTitle "IM"]
[WhiteElo "2502"]
[BlackElo "2429"]
[WhiteTeam "GRECO – Kyiv Chess Federation"]
[BlackTeam "Alkaloid"]
[WhiteFideId "13703544"]
[BlackFideId "4130189"]
[EventDate "2021.09.18"]
[EventType "team"]

1. e4 e5 2. Nf3 Nc6 3. d4 exd4 4. Nxd4 Qf6 5. Nb5 Bc5 6. Qe2 Qd8 7. Be3 Bxe3 8.
Qxe3 a6 9. N5c3 Nge7 10. Nd2 O-O 11. O-O-O d6 12. h4 b5 13. h5 b4 14. h6 g6 15.
Ne2 f6 16. f4 Qe8 17. Nf3 Be6 18. b3 Kh8 19. Ned4 Nxd4 20. Qxd4 Nc6 21. Qb2 Bg4
22. Re1 Bxf3 23. gxf3 g5 24. Bc4 gxf4 25. Bd5 Rb8 26. e5 dxe5 27. Rhg1 Nd4 28.
Rg7 Qh5 29. c3 Nf5 30. Rxc7 Rbc8 31. Rxc8 Rxc8 32. c4 Ne3 33. Qd2 Qxh6 34. Be6
Re8 35. Rg1 Qf8 36. Rg8+ Qxg8 37. Bxg8 Rxg8 38. c5 Rg1+ 39. Kb2 Nd1+ 40. Kc2
Ne3+ 41. Kd3 Rg8 42. Qxb4 Nf5 43. Qb7 Rd8+ 44. Kc3 Ne3 45. Qf7 Nd5+ 46. Kc4 Ne3+
47. Kb4 Nd5+ 48. Ka5 h5 49. c6 1-0

[Event "36th ECC Women 2021"]
[Site "Struga MKD"]
[Date "2021.09.22"]
[Round "5.4"]
[Board "4"]
[White "Osmak, Iulija"]
[Black "Stojkovska, Monika"]
[Result "1/2-1/2"]
[WhiteTitle "IM"]
[BlackTitle "WFM"]
[WhiteElo "2428"]
[BlackElo "2081"]
[WhiteTeam "GRECO – Kyiv Chess Federation"]
[BlackTeam "Alkaloid"]
[WhiteFideId "14101602"]
[BlackFideId "15002594"]
[EventDate "2021.09.18"]
[EventType "team"]

1. d4 e6 2. c4 Nf6 3. Nc3 Bb4 4. Qc2 d5 5. a3 Bxc3+ 6. Qxc3 dxc4 7. Qxc4 b6 8.
Nf3 Ba6 9. Qc2 O-O 10. g3 Nbd7 11. Bg2 Bb7 12. O-O c5 13. Rd1 Qc8 14. Bf4 Be4
15. Qa4 Bc6 16. Qc4 Bd5 17. Qd3 Qb7 18. Rac1 Rfc8 19. Bg5 h6 20. Bxf6 Nxf6 21.
dxc5 Rxc5 22. Rxc5 bxc5 23. Rd2 a5 24. Nh4 Rb8 25. Bxd5 Qxd5 26. Qc2 Qe4 27. Nf3
Qxc2 28. Rxc2 a4 29. Ne5 Rb5 30. Nd3 Nd7 31. Rc4 Ra5 32. f4 f6 33. Kf2 Kf7 34.
e4 e5 35. Ke3 Ke6 36. Rc2 Rb5 37. Rc4 Ra5 38. h4 Kd6 39. h5 Nb6 40. Rc2 Nd7 41.
Nc1 Rb5 42. Ne2 Rb3+ 43. Nc3 c4 44. Rd2+ Ke6 45. Kf3 Nc5 46. Kg4 Rb8 47. Rd5 Nd3
48. f5+ Ke7 49. Nxa4 Nxb2 50. Nxb2 1/2-1/2

[Event "36th ECC Women 2021"]
[Site "Struga MKD"]
[Date "2021.09.23"]
[Round "6.3"]
[Board "1"]
[White "Goryachkina, Aleksandra"]
[Black "Peycheva, Gergana"]
[Result "1-0"]
[WhiteTitle "GM"]
[BlackTitle "FM"]
[WhiteElo "2608"]
[BlackElo "2331"]
[WhiteTeam "Monte-Carlo"]
[BlackTeam "Kumanovo"]
[WhiteFideId "4147103"]
[BlackFideId "2916711"]
[EventDate "2021.09.18"]
[EventType "team"]

1. d4 d5 2. c4 e6 3. Nc3 Be7 4. cxd5 exd5 5. Bf4 Nf6 6. e3 O-O 7. Bd3 Bg4 8.
Nge2 c6 9. Qc2 Nbd7 10. f3 Bh5 11. g4 Bg6 12. h4 Bxd3 13. Qxd3 Ne8 14. O-O-O b5
15. Ng3 Bd6 16. Nce2 Bxf4 17. Nxf4 Nd6 18. Kb1 Re8 19. e4 dxe4 20. fxe4 Qc7 21.
Rhf1 Rad8 22. Qf3 Nf8 23. Nfh5 Ne6 24. e5 Nc4 25. Nf5 c5 26. Nhxg7 Nxg7 27. Nh6+
Kh8 28. Nxf7+ Kg8 29. Nxd8 Rxd8 30. dxc5 Nxe5 31. Rxd8+ Qxd8 32. Rd1 Qc8 33.
Qd5+ Nf7 34. c6 Ne8 35. Qd7 Qb8 36. Rf1 Nfd6 37. Qe6+ Kg7 38. Qe7+ 1-0

[Event "36th ECC Women 2021"]
[Site "Struga MKD"]
[Date "2021.09.23"]
[Round "6.3"]
[Board "2"]
[White "Toncheva, Nadya"]
[Black "Cramling, Pia"]
[Result "0-1"]
[WhiteTitle "FM"]
[BlackTitle "GM"]
[WhiteElo "2178"]
[BlackElo "2455"]
[WhiteTeam "Kumanovo"]
[BlackTeam "Monte-Carlo"]
[WhiteFideId "2924056"]
[BlackFideId "1700030"]
[EventDate "2021.09.18"]
[EventType "team"]

1. e4 c5 2. Nf3 Nc6 3. c3 d5 4. exd5 Qxd5 5. d4 Bf5 6. Be3 Nf6 7. Na3 e6 8. dxc5
O-O-O 9. Qb3 Bxc5 10. Qxd5 Rxd5 11. Bxc5 Rxc5 12. Be2 Rd8 13. O-O e5 14. Rfd1
Rcd5 15. Rxd5 Nxd5 16. g3 e4 17. Nh4 Be6 18. Rd1 g5 19. Ng2 f5 20. Nc2 f4 21.
Bf1 Bg4 22. Re1 Bf5 23. c4 Ne5 24. Rd1 Nf3+ 25. Kh1 e3 26. cxd5 Bxc2 27. Rc1
Rxd5 28. Rxc2+ Kd8 29. fxe3 Rd1 30. Rf2 Nd2 31. Kg1 f3 32. Ne1 g4 33. h3 h5 34.
hxg4 hxg4 35. Rh2 Ne4 36. Nd3 Nxg3 37. Rh8+ Ke7 38. Ne5 Rxf1+ 0-1

[Event "36th ECC Women 2021"]
[Site "Struga MKD"]
[Date "2021.09.23"]
[Round "6.3"]
[Board "3"]
[White "Paehtz, Elisabeth"]
[Black "Djukic, Sandra"]
[Result "1-0"]
[WhiteTitle "IM"]
[BlackTitle "WIM"]
[WhiteElo "2465"]
[BlackElo "2127"]
[WhiteTeam "Monte-Carlo"]
[BlackTeam "Kumanovo"]
[WhiteFideId "4641833"]
[BlackFideId "931390"]
[EventDate "2021.09.18"]
[EventType "team"]

1. Nf3 d5 2. e3 Nf6 3. c4 g6 4. cxd5 Nxd5 5. d4 Bg7 6. Be2 O-O 7. O-O Nb6 8. Nc3
c6 9. h3 N8d7 10. e4 Nf6 11. Be3 Be6 12. b3 h6 13. a4 Rc8 14. a5 Na8 15. Qd2 Kh7
16. b4 Nc7 17. Rac1 a6 18. Bd3 Nb5 19. Nxb5 axb5 20. Qe2 Nd7 21. Rfd1 Bb3 22.
Rd2 e5 23. dxe5 Qe8 24. Nd4 Ba4 25. f4 Qe7 26. Rb2 Rfd8 27. a6 Nf8 28. Bb1 Ne6
29. Nxe6 fxe6 30. Bc5 Qd7 31. axb7 Qxb7 32. Ba2 Qf7 33. Rf1 Qe8 34. Qg4 Rd3 35.
Qxe6 Qxe6 36. Bxe6 Rcd8 37. Rbb1 Rd2 38. Bf7 Bc2 39. Rbe1 Ra8 40. Rf2 Rxf2 41.
Kxf2 g5 42. e6 Bb3 43. f5 Be5 44. Re2 Kg7 45. Bh5 1-0

[Event "36th ECC Women 2021"]
[Site "Struga MKD"]
[Date "2021.09.23"]
[Round "6.4"]
[Board "1"]
[White "Unuk, Laura"]
[Black "Salimova, Nurgyul"]
[Result "0-1"]
[WhiteTitle "IM"]
[BlackTitle "IM"]
[WhiteElo "2389"]
[BlackElo "2362"]
[WhiteTeam "Tajfun – SK Ljubljana"]
[BlackTeam "MSK Centar"]
[WhiteFideId "14609215"]
[BlackFideId "2915138"]
[EventDate "2021.09.18"]
[EventType "team"]

1. c4 e6 2. Nc3 d5 3. d4 Be7 4. e4 dxe4 5. Nxe4 Nf6 6. Nc3 O-O 7. Be3 c5 8. dxc5
Na6 9. Be2 Bxc5 10. Bxc5 Nxc5 11. Nf3 b6 12. O-O Bb7 13. Qc2 Qc7 14. Rfd1 Rad8
15. Nb5 Qb8 16. Rxd8 Rxd8 17. Rd1 a6 18. Nc3 h6 19. h3 Rc8 20. Qd2 Ncd7 21. Qe3
Qc7 22. Nd4 Qe5 23. Qxe5 Nxe5 24. b3 g5 25. Na4 Nfd7 26. g3 Rc7 27. f4 gxf4 28.
gxf4 Nc6 29. Nc2 Kf8 30. Kf2 Ke7 31. Ne3 Na7 32. b4 Nc8 33. a3 Nd6 34. Ke1 Ne4
35. Rc1 Rc8 36. Ng4 Rg8 37. Kd1 h5 38. Ne5 Nxe5 39. fxe5 Rg1+ 40. Kc2 Rg2 41.
Kd3 Rg3+ 42. Kd4 Nd2 43. Bd1 Rxh3 44. Nxb6 h4 45. c5 Rh1 46. Kc3 Ne4+ 47. Kb2
Nf2 48. c6 Bxc6 49. Rxc6 Rxd1 50. Rc8 h3 51. Rh8 Rg1 52. Nc4 Rg2 53. Kc3 h2 54.
Ne3 Rg3 55. Rxh2 Rxe3+ 56. Kd4 Re4+ 57. Kc5 Ng4 58. Ra2 Nxe5 59. Kb6 Nd3 60.
Kxa6 Nxb4+ 0-1

[Event "36th ECC Women 2021"]
[Site "Struga MKD"]
[Date "2021.09.23"]
[Round "6.4"]
[Board "4"]
[White "Krasteva, Beloslava"]
[Black "Janzelj, Lara"]
[Result "1-0"]
[WhiteTitle "FM"]
[BlackTitle "WIM"]
[WhiteElo "2217"]
[BlackElo "2186"]
[WhiteTeam "MSK Centar"]
[BlackTeam "Tajfun – SK Ljubljana"]
[WhiteFideId "2922029"]
[BlackFideId "14608391"]
[EventDate "2021.09.18"]
[EventType "team"]

1. c4 d6 2. Nc3 Nf6 3. g3 e5 4. Bg2 Be7 5. d3 O-O 6. e4 c6 7. Nge2 Be6 8. f4
exf4 9. Nxf4 Bg4 10. Qb3 Nbd7 11. h3 Nc5 12. Qc2 Bd7 13. Be3 a5 14. O-O-O Qc7
15. Rhe1 Na6 16. d4 Rfe8 17. g4 h6 18. Qf2 Rab8 19. e5 Nh7 20. Kb1 Bf8 21. Ne4
dxe5 22. dxe5 b5 23. cxb5 Rxb5 24. Nd6 Bxd6 25. exd6 Qb7 26. Bd4 Ng5 27. Rxe8+
Bxe8 28. Re1 Qc8 29. Bf1 Rb8 30. Bc4 Nb4 31. h4 Qxg4 32. hxg5 c5 33. d7 Bxd7 34.
Be5 Re8 35. Qe2 Qf5+ 36. Nd3 Be6 37. Bb5 Bxa2+ 38. Ka1 Ra8 39. Qe4 Qxe4 40. Rxe4
hxg5 41. Nxc5 Rd8 42. Bd7 Bd5 43. Re2 Bf3 44. Rd2 g4 45. Kb1 Ra8 46. Rd4 f6 47.
Bg3 Kf7 48. Be6+ Kg6 49. Bxg4 Bxg4 50. Rxg4+ Kf7 51. Be1 Nc6 52. Bc3 Rd8 53. Nb7
Rd5 54. Rc4 Ne7 55. Nxa5 g5 56. Rc7 Ke6 57. Nc6 Nf5 58. Nb4 Rd1+ 59. Ka2 g4 60.
Rc4 g3 61. Rg4 Kf7 62. Nc2 Rd3 63. Ne1 Re3 64. Bd2 Re2 65. Bc3 Re3 66. Kb1 Nd6
67. Ng2 Re2 68. Rxg3 Ne4 69. Rg4 f5 70. Rg7+ Kf8 71. Rg6 Kf7 72. Nh4 Rh2 73.
Rg7+ Ke6 74. Nf3 Nxc3+ 75. bxc3 Rf2 76. Nd4+ Kd5 77. Nc2 f4 78. Rd7+ Kc4 79. Kb2
f3 80. Rd4+ Kc5 81. Kc1 Rh2 82. Rf4 f2 83. Ne3 Kd6 84. Nf1 Rg2 85. Kd2 Kc5 86.
Ke2 Kb5 87. Ne3 Rg1 88. Rxf2 1-0